Normal view
MARC view
- قانون الإجراءات الجنائية -- مصر
Entry Topical Term
001 - CONTROL NUMBER
- control field: 44793
003 - CONTROL NUMBER IDENTIFIER
- control field: JO-AjAnu
005 - DATE AND TIME OF LATEST TRANSACTION
- control field: 20230606081420.0
008 - FIXED-LENGTH DATA ELEMENTS
- fixed length control field: 230606|| aca||aabn | a|a d
040 ## - CATALOGING SOURCE
- Original cataloging agency: JO-AjAnu
- Transcribing agency: JO-AjAnu
150 ## - HEADING--TOPICAL TERM
- Topical term or geographic name entry element: قانون الإجراءات الجنائية -- مصر
670 ## - SOURCE DATA FOUND
- Source citation: Work cat.: (JO-AjAnu)22936: مصطفى، محمود محمود, author 44792, شرح قانون الأحوال الجنائية